Statistiques concernant Films de Michel Hazanavicius par image

Cliquez ici pour prendre le quiz!

Statistiques générales

  • Ce quiz a été pris 99 fois
  • Le résultat moyen est 4 sur 8

Statistiques - réponses

Réponse% Correct
The Artist
99%
OSS 117 : Le Caire, nid d'espions
80%
OSS 117 : Rio ne répond plus
71%
Coupez !
39%
Le Prince oublié
24%
Les Infidèles
22%
Le Redoutable
18%
The Search
7%

Distribution des résultats

Percentile par nombre de réponses

% des personnes avec chaque résultat

Votre développement - résultats

Vous n’avez pas pris ce quiz